000 00413nam a2200157Ia 4500
008 160316s1997 xxu||||| |||| 00| 0 eng d
082 _a344.010000
_bLAB
100 _a
245 _aPocket book of labour statistics 1997
250 _a
260 _aShimla
_bMinistry of Labour Government of India
_c1997
300 _a244p
_b
_cxvi
365 _bRs.95
650 _a1. Labour Statistics - 1997
700 _a
_a
999 _c13777
_d13777